[Event "XXII SuperGM"]
[Site "Linares ESP"]
[Date "2005.03.04"]
[Round "9"]
[White "Topalov, Veselin"]
[Black "Anand, Viswanathan"]
[Result "1/2-1/2"]
[WhiteElo "2757"]
[BlackElo "2786"]
[EventDate "2005.02.23"]

1.e4 e5 2.Cf3 Cf6 3.Cxe5 d6 4.Cf3 Cxe4 5.Cc3 Cxc3 6.dxc3 Fe7 7.Fe3 Cc6 8.
Dd2 Fe6 9.O-O-O a6 10.Cg5 Fxg5 11.Fxg5 Dd7 12.b3 f6 13.Fe3 O-O-O 14.h3 Df7
15.Fe2 h5 16.The1 The8 17.f3 Dg6 18.Ff1 Ff5 19.Rb2 Te5 20.Ff4 Txe1 21.Txe1
Te8 22.Td1 Fd7 23.c4 Df5 24.Fd3 Dc5 25.Fg6 Th8 26.Fe4 Te8 27.c3 g5 28.Fe3 
De5 29.Ff2 f5 30.Fd3 Dg7 31.c5 dxc5 32.Fxc5 Rb8 33.Fc4 Fc8 34.Fd5 De5 35.
Fxc6 bxc6 36.Ff2 De2 37.Ra3 Dxd2 38.Txd2 Rb7 39.h4 g4 40.f4 Te7 41.c4 Td7 
42.Te2 Td3 43.Rb4 g3 44.Fc5 Td7 45.Fe7 Td4 46.Fg5 Te4 47.Td2 Rb6 48.Td3 
c5+ 49.Ra3 Te2 50.Txg3 Fb7 51.Ff6 Txg2 52.Tg5 Txg5 53.fxg5 f4 54.Fe5 f3 
55.Fg3 Fe4 56.Rb2 Rc6 57.Ra3 Fb1 58.Ff2 Rd6 59.Rb2 Fe4 60.Rc1 Fg6 61.Rd2 
Fb1 62.a3 Fg6 63.Fg3+ Rd7 64.Re3 Fc2 65.Rxf3 Re6 66.Re3 c6 67.b4 cxb4 68.
axb4 Rf5 69.Rd4 Fd1 1/2-1/2

[Event "XXII SuperGM"]
[Site "Linares ESP"]
[Date "2005.03.06"]
[Round "11"]
[White "Leko, Peter"]
[Black "Topalov, Veselin"]
[Result "1/2-1/2"]
[WhiteElo "2749"]
[BlackElo "2757"]
[EventDate "2005.02.23"]

1.e4 c5 2.Cf3 d6 3.d4 cxd4 4.Cxd4 Cf6 5.Cc3 a6 6.Fe3 e6 7.Fe2 Fe7 8.f4 O-O
9.g4 d5 10.e5 Ce4 11.Cxe4 dxe4 12.g5 Db6 13.Cf5 Da5+ 14.Fd2 Fb4 15.Ce3 Td8
16.c3 Fe7 17.Dc2 b5 18.a4 Fb7 19.b4 1/2-1/2

[Event "Corus A"]
[Site "Wijk aan Zee NED"]
[Date "2005.01.15"]
[Round "1"]
[White "Topalov, Veselin"]
[Black "Ponomariov, Ruslan"]
[Result "1-0"]
[WhiteElo "2757"]
[BlackElo "2700"]
[EventDate "2005.01.15"]

1.e4 c5 2.Cf3 e6 3.d4 cxd4 4.Cxd4 Cc6 5.Cc3 Dc7 6.Fe3 a6 7.Dd2 Cf6 8.O-O-O
Fb4 9.f3 Ce5 10.Cb3 b5 11.Rb1 Cc4 12.Fxc4 bxc4 13.Cc1 Db7 14.C1e2 O-O 15.
Dd4 Tb8 16.Fc1 d6 17.Dxc4 Fd7 18.b3 Tfc8 19.Dd3 a5 20.a3 Fc5 21.a4 Fe8 22.
Fb2 Fb4 23.Ca2 Fc5 24.Fxf6 gxf6 25.Cec3 Fc6 26.The1 Db6 27.f4 Rh8 28.Te2 
Tg8 29.g3 Tbd8 30.Dc4 Td7 31.Ted2 Fb7 32.De2 Dc6 33.Dh5 Db6 34.Dh4 Dd8 35.
f5 exf5 36.exf5 Tg5 37.Df4 Te7 38.Cd5 Te5 39.g4 Fxd5 40.Txd5 Txd5 41.Txd5 
De7 42.Df3 De1+ 43.Td1 Dh4 44.h3 h5 45.Cc3 hxg4 46.hxg4 Txg4 47.Cd5 Rg7 
48.Th1 Tg3 49.Dd1 Dd4 50.Dxd4 Fxd4 51.Rc1 Tg5 52.Tf1 Tg2 53.c3 Fe5 54.Td1 
Rf8 55.Td2 Tg1+ 56.Rc2 Re8 57.b4 Rd7 58.bxa5 Rc8 59.Cb4 Tg5 60.Td5 Txf5 
61.Tb5 Tf2+ 62.Rb3 Tf3 63.Cd5 Td3 64.Rc4 1-0

[Event "Corus A"]
[Site "Wijk aan Zee NED"]
[Date "2005.01.16"]
[Round "2"]
[White "Kramnik, Vladimir"]
[Black "Topalov, Veselin"]
[Result "0-1"]
[WhiteElo "2754"]
[BlackElo "2757"]
[EventDate "2005.01.15"]

1.e4 c5 2.Cf3 d6 3.d4 cxd4 4.Cxd4 Cf6 5.Cc3 a6 6.Fe3 e6 7.f3 b5 8.g4 h6 9.
Dd2 b4 10.Ca4 Cbd7 11.O-O-O Ce5 12.Dxb4 Fd7 13.Cb3 Tb8 14.Da3 Cxf3 15.h3 
Cxe4 16.Fe2 Ce5 17.The1 Dc7 18.Fd4 Cc6 19.Fc3 d5 20.Cbc5 Da7 0-1

[Event "Corus A"]
[Site "Wijk aan Zee NED"]
[Date "2005.01.17"]
[Round "3"]
[White "Topalov, Veselin"]
[Black "Van Wely, Loek"]
[Result "1/2-1/2"]
[WhiteElo "2757"]
[BlackElo "2679"]
[EventDate "2005.01.15"]

1.e4 c5 2.Cf3 Cc6 3.Cc3 Cf6 4.Fb5 Dc7 5.O-O Cd4 6.Te1 a6 7.Fc4 d6 8.Cd5 
Cxd5 9.exd5 g6 10.Cxd4 cxd4 11.d3 h6 12.a4 Fg7 13.a5 O-O 14.Fd2 Te8 15.Df3
e5 16.dxe6 Fxe6 17.Fxe6 Txe6 18.Txe6 fxe6 19.Tc1 Df7 1/2-1/2

[Event "Corus A"]
[Site "Wijk aan Zee NED"]
[Date "2005.01.18"]
[Round "4"]
[White "Adams, Michael"]
[Black "Topalov, Veselin"]
[Result "1-0"]
[WhiteElo "2741"]
[BlackElo "2757"]
[EventDate "2005.01.15"]

1.e4 c5 2.Cf3 d6 3.d4 cxd4 4.Cxd4 Cf6 5.Cc3 a6 6.Fe3 e6 7.Fe2 Cbd7 8.g4 h6
9.f4 g6 10.f5 Ce5 11.h3 b5 12.a3 De7 13.Dd2 Fb7 14.fxe6 fxe6 15.O-O-O Tc8 
16.Thf1 Fg7 17.g5 hxg5 18.Fxg5 Cf7 19.Rb1 Tc5 20.Fxf6 Fxf6 21.Fg4 Fc8 22.
Dg2 Ce5 23.Cce2 g5 24.Cg3 Cxg4 25.hxg4 Fb7 26.Ch5 Fe5 27.De2 Tc4 28.De3 
Tg8 29.Tf2 Tf8 30.Txf8+ Rxf8 31.b3 Txd4 32.Txd4 Fxd4 33.Dxd4 e5 34.Df2+ 
Re8 35.Cf6+ Rd8 36.Df5 Fc8 37.Dxg5 Fe6 38.Dh6 Rc7 39.g5 Rc6 40.Dh8 Rb7 41.
g6 1-0

[Event "Corus A"]
[Site "Wijk aan Zee NED"]
[Date "2005.01.20"]
[Round "5"]
[White "Topalov, Veselin"]
[Black "Grischuk, Alexander"]
[Result "1/2-1/2"]
[WhiteElo "2757"]
[BlackElo "2710"]
[EventDate "2005.01.15"]

1.e4 e5 2.Cf3 Cc6 3.Fb5 a6 4.Fa4 Cf6 5.O-O Fe7 6.Te1 b5 7.Fb3 O-O 8.h3 Fb7
9.d3 d6 10.a4 h6 11.Fd2 b4 12.c3 a5 13.d4 bxc3 14.Fxc3 exd4 15.Cxd4 Cxd4 
16.Dxd4 c5 17.Dd3 d5 18.exd5 Fxd5 19.Fc4 Fxc4 20.Dxc4 Cd5 21.Te5 Cxc3 22.
Cxc3 Ta7 23.Tae1 Td7 24.Db5 Ff6 25.Txc5 Te8 26.Txe8+ Dxe8 27.Rh2 De6 28.
Dxa5 Rh7 29.Tf5 Td2 30.Db5 Fd4 31.Tf3 Fxf2 32.Df5+ Dxf5 33.Txf5 Fd4 34.Cb5
Fxb2 35.a5 f6 36.a6 Fe5+ 37.Rg1 Ta2 38.a7 Txa7 39.Cxa7 Fd4+ 40.Rf1 Fxa7 
41.h4 Fd4 42.g4 Fe5 43.h5 Fa1 44.Re2 Fb2 45.Rd3 Fa1 46.Re4 Fb2 47.Tb5 Fa1 
48.Rf5 Fd4 49.Re6 Fc3 50.Rf7 Fd4 51.Tb8 f5 52.gxf5 Fe5 53.Tb6 Fd4 54.Ta6 
Fc3 55.Re6 Fb2 1/2-1/2

[Event "Corus A"]
[Site "Wijk aan Zee NED"]
[Date "2005.01.21"]
[Round "6"]
[White "Short, Nigel D"]
[Black "Topalov, Veselin"]
[Result "0-1"]
[WhiteElo "2674"]
[BlackElo "2757"]
[EventDate "2005.01.15"]

1.e4 c5 2.Cf3 Cc6 3.d4 cxd4 4.Cxd4 Cf6 5.Cc3 e5 6.Cdb5 d6 7.Fg5 a6 8.Ca3 
b5 9.Cd5 Fe7 10.Fxf6 Fxf6 11.c3 Fg5 12.Cc2 O-O 13.g3 Ce7 14.h4 Fh6 15.Fh3 
Fxh3 16.Txh3 a5 17.Rf1 Tc8 18.Cce3 Fxe3 19.Cxe3 Dd7 20.g4 Tfd8 21.h5 Dc6 
22.Df3 d5 23.exd5 Cxd5 24.Cxd5 Txd5 25.Te1 h6 26.Rg2 De6 27.Df5 Dxf5 28.
gxf5 f6 29.Te2 Tc4 30.a3 a4 31.The3 Tf4 32.Tf3 Rf7 33.Rg3 Tc4 34.Tfe3 Td1 
35.Te4 Tg1+ 36.Rh4 Tg5 37.Txc4 bxc4 38.Te4 Txf5 39.Txc4 Txf2 40.Txa4 Txb2 
41.Ta7+ Re6 42.Txg7 Th2+ 43.Rg3 Txh5 44.Tc7 Th1 45.a4 Ta1 46.Tc6+ Rf5 47.
Tc4 h5 48.Rf3 Rg5 49.Re4 h4 50.Tc8 h3 51.Tg8+ Rh4 52.Rf3 Tf1+ 53.Re2 Tf4 
54.a5 h2 55.a6 Ta4 0-1

[Event "Corus A"]
[Site "Wijk aan Zee NED"]
[Date "2005.01.22"]
[Round "7"]
[White "Topalov, Veselin"]
[Black "Morozevich, Alexander"]
[Result "1/2-1/2"]
[WhiteElo "2757"]
[BlackElo "2741"]
[EventDate "2005.01.15"]

1.e4 e5 2.Cf3 Cc6 3.Fb5 Cf6 4.O-O Cxe4 5.d4 Fe7 6.De2 Cd6 7.Fxc6 bxc6 8.
dxe5 Cb7 9.Cc3 O-O 10.Te1 Te8 11.Fe3 d5 12.exd6 cxd6 13.Fg5 Fe6 14.Fxe7 
Txe7 15.Da6 Cc5 16.De2 Tb7 17.b3 Fg4 18.h3 Fxf3 19.Dxf3 d5 20.Tad1 Ce6 21.
Ca4 Df8 22.h4 h6 23.g3 Db4 24.Te5 Te7 25.c3 Dd6 26.De2 Tae8 27.Te1 Rf8 28.
Dg4 g6 29.T5e3 h5 30.Df3 Cg7 31.Txe7 Txe7 32.Txe7 Dxe7 33.c4 dxc4 34.Dxc6 
cxb3 35.axb3 Ce6 36.Rg2 Db4 37.Dd5 Dd4 38.Dc6 Rg7 39.Df3 Df6 40.De4 
1/2-1/2

[Event "Corus A"]
[Site "Wijk aan Zee NED"]
[Date "2005.01.23"]
[Round "8"]
[White "Bruzon Batista, Lazaro"]
[Black "Topalov, Veselin"]
[Result "0-1"]
[WhiteElo "2652"]
[BlackElo "2757"]
[EventDate "2005.01.15"]

1.e4 c5 2.Cf3 e6 3.d3 Cc6 4.g3 g6 5.Fg2 Fg7 6.c3 Cge7 7.O-O O-O 8.Te1 e5 
9.Ca3 d6 10.Fe3 b6 11.Dd2 Fg4 12.h3 Fxf3 13.Fxf3 Dd7 14.Fg2 f5 15.exf5 
gxf5 16.f4 Tad8 17.Te2 De6 18.Dc2 Dg6 19.Rh2 Rh8 20.Da4 d5 21.fxe5 Fxe5 
22.Ff4 Df6 23.Fxe5 Cxe5 24.d4 C5g6 25.dxc5 bxc5 26.Tf1 f4 27.gxf4 Cf5 28.
Dxa7 Dh4 29.Dxc5 Cxf4 30.Td2 Cxh3 31.Dc7 Td6 32.Cc2 Dg3+ 33.Rh1 Th6 0-1

[Event "Corus A"]
[Site "Wijk aan Zee NED"]
[Date "2005.01.25"]
[Round "9"]
[White "Topalov, Veselin"]
[Black "Anand, Viswanathan"]
[Result "1/2-1/2"]
[WhiteElo "2757"]
[BlackElo "2786"]
[EventDate "2005.01.15"]

1.e4 e5 2.Cf3 Cf6 3.Cxe5 d6 4.Cf3 Cxe4 5.d4 d5 6.Fd3 Cc6 7.O-O Fe7 8.c4 
Cb4 9.Fe2 O-O 10.Cc3 Ff5 11.a3 Cxc3 12.bxc3 Cc6 13.Te1 Te8 14.Fe3 Ff6 15.
Cd2 Ca5 16.cxd5 Dxd5 17.Da4 Fd7 18.Db4 Fe7 19.Db2 Fc6 20.Ff3 Dd7 21.Da2 
Tad8 22.a4 b6 23.h3 Fxf3 24.Cxf3 Dd5 25.Dxd5 1/2-1/2

[Event "Corus A"]
[Site "Wijk aan Zee NED"]
[Date "2005.01.26"]
[Round "10"]
[White "Topalov, Veselin"]
[Black "Polgar, Judit"]
[Result "0-1"]
[WhiteElo "2757"]
[BlackElo "2728"]
[EventDate "2005.01.15"]

1.d4 Cf6 2.c4 e6 3.Cf3 b6 4.g3 Fa6 5.b3 Fb4+ 6.Fd2 Fe7 7.Cc3 O-O 8.Tc1 d5 
9.cxd5 Cxd5 10.Cxd5 exd5 11.Fg2 Te8 12.Tc2 Fd6 13.Fg5 Fb4+ 14.Rf1 f6 15.
Ff4 Cd7 16.Ce1 c6 17.Cd3 Fxd3 18.Dxd3 Tc8 19.Fh3 g6 20.a3 Ff8 21.e3 De7 
22.Fg4 g5 23.Df5 gxf4 24.gxf4 Rh8 25.Tg1 Tc7 26.Ff3 Cb8 27.Tg3 Dd6 28.b4 
b5 29.Tc1 a5 30.bxa5 Dxa3 31.Tc5 Tg7 32.Fh5 Td8 33.Dxf6 Dxa5 34.Tc2 b4 35.
Ta2 Dc7 36.Fe2 De7 37.Df5 De4 38.Dxe4 dxe4 39.Ta8 b3 40.Fc4 b2 41.Fa2 c5 
42.dxc5 b1=D+ 43.Fxb1 Td1+ 44.Rg2 Txb1 45.Ta4 Te7 46.Tg5 Cc6 47.Ta6 Te6 
48.h4 Fe7 49.f5 Tf6 50.Tg4 Tb4 51.Ta8+ Tf8 52.Txf8+ Fxf8 53.f6 Ce5 0-1

[Event "Corus A"]
[Site "Wijk aan Zee NED"]
[Date "2005.01.28"]
[Round "11"]
[White "Sokolov, Ivan"]
[Black "Topalov, Veselin"]
[Result "1/2-1/2"]
[WhiteElo "2685"]
[BlackElo "2757"]
[EventDate "2005.01.15"]

1.d4 Cf6 2.c4 g6 3.Cc3 Fg7 4.e4 d6 5.Fd3 O-O 6.Cge2 c5 7.d5 e6 8.O-O Cg4 
9.Fc2 Ce5 10.b3 exd5 11.exd5 Te8 12.Ff4 Ca6 13.a3 f5 14.Dd2 Fd7 15.Tae1 
Cf7 16.Dc1 Cc7 17.a4 Ca6 18.Cb5 Fe5 19.Fd2 Cb4 20.Fxb4 cxb4 21.Dd2 a6 22.
Cbd4 Db6 23.Td1 Te7 24.h4 Tae8 25.Cf4 a5 26.g3 Fg7 27.Rg2 Fh6 28.Th1 Fg7 
29.Fb1 Dxd4 30.Dxd4 Fxd4 31.Txd4 b6 32.Tdd1 Cd8 33.Cd3 Cb7 34.Td2 Rg7 35.
Fc2 h6 36.Fd1 Te4 37.Cf4 Cc5 38.Fc2 T4e7 39.Cd3 Ca6 40.Cf4 Rf6 41.Fd1 Te4 
42.Ff3 Cc5 43.Fxe4 fxe4 44.Tb1 Fg4 45.Ce2 Ff5 46.Tbb2 e3 47.Td4 exf2 48.
Rxf2 g5 49.Cc1 Re5 50.Td1 gxh4 51.gxh4 Tg8 52.Th1 Ce4+ 53.Re1 Tg3 54.h5 
Fg4 55.Rf1 Tc3 56.Ce2 Te3 57.Cg1 Cc5 58.Th4 Ff5 59.Rf2 Txb3 60.Txb3 Cxb3 
61.Cf3+ Rf6 62.Re3 Fd7 63.Tf4+ Rg7 64.Cd4 Cc5 65.Rd2 Rg8 66.Ce6 Cxe6 67.
dxe6 Fxe6 68.Td4 Rf7 69.Txd6 Fxc4 70.Txh6 b5 71.axb5 Fxb5 72.Tg6 Fe8 73.
Tg1 Rf6 74.h6 Fg6 75.Tf1+ Rg5 76.Ta1 1/2-1/2

[Event "Corus A"]
[Site "Wijk aan Zee NED"]
[Date "2005.01.29"]
[Round "12"]
[White "Topalov, Veselin"]
[Black "Leko, Peter"]
[Result "1/2-1/2"]
[WhiteElo "2757"]
[BlackElo "2749"]
[EventDate "2005.01.15"]

1.d4 Cf6 2.c4 e6 3.Cc3 Fb4 4.Dc2 O-O 5.a3 Fxc3+ 6.Dxc3 b6 7.Fg5 Fb7 8.Cf3 
d6 9.Cd2 Cbd7 10.e3 Tc8 11.f3 c5 12.dxc5 Txc5 13.Fh4 d5 14.b4 Tc8 15.Db2 
Dc7 16.Fg3 e5 17.Fd3 Fa6 18.b5 Fb7 19.O-O Dc5 20.Tfe1 e4 21.fxe4 dxe4 22.
Cb3 Dg5 23.Ff4 Dg6 24.Ff1 Tfe8 25.Tad1 Cf8 26.a4 Ce6 27.Fg3 Ch5 28.Fh4 Cg5
29.Rh1 Cf6 30.a5 Cf3 31.gxf3 exf3 32.Ff2 Txc4 33.e4 Tcxe4 34.Txe4 Fxe4 35.
Cd2 Fd5 36.h3 Te2 37.Tc1 h5 38.Dd4 Dg5 39.axb6 axb6 40.Td1 Dg6 41.Rh2 Dg5 
42.Rh1 1/2-1/2

[Event "Corus A"]
[Site "Wijk aan Zee NED"]
[Date "2005.01.30"]
[Round "13"]
[White "Svidler, Peter"]
[Black "Topalov, Veselin"]
[Result "1/2-1/2"]
[WhiteElo "2735"]
[BlackElo "2757"]
[EventDate "2005.01.15"]

1.e4 e5 2.Cf3 Cf6 3.Cxe5 d6 4.Cf3 Cxe4 5.d4 d5 6.Fd3 Cc6 7.O-O Fe7 8.c4 
Cb4 9.Fe2 O-O 10.Cc3 Ff5 11.a3 Cxc3 12.bxc3 Cc6 13.Te1 Te8 14.Ff4 dxc4 15.
Fxc4 Fd6 16.Txe8+ Dxe8 17.Dd2 Dd7 18.Fxd6 cxd6 19.Te1 Te8 20.Txe8+ Dxe8 
21.Df4 Dd7 22.Ch4 Fc2 23.Dd2 Ff5 24.Df4 1/2-1/2

[Event "XXII SuperGM"]
[Site "Linares ESP"]
[Date "2005.03.08"]
[Round "12"]
[White "Topalov, Veselin"]
[Black "Kasimdzhanov, Rustam"]
[Result "1-0"]
[WhiteElo "2757"]
[BlackElo "2678"]
[EventDate "2005.02.23"]

1.d4 d5 2.c4 e6 3.Cc3 Fe7 4.Cf3 Cf6 5.Ff4 O-O 6.e3 c5 7.dxc5 Fxc5 8.a3 Cc6
9.Dc2 Da5 10.Cd2 Fb4 11.cxd5 exd5 12.Fd3 d4 13.O-O Fxc3 14.Cc4 Dh5 15.bxc3
Cd5 16.Fg3 dxe3 17.Tae1 Fe6 18.fxe3 Cde7 19.Cd6 b6 20.Tb1 f6 21.Tb5 Ce5 
22.Tf4 C7g6 23.Td4 Fd7 24.Tbd5 Fe6 25.Fe2 Dh6 26.Ff4 Cxf4 27.exf4 g6 28.
De4 Fxd5 29.Dxd5+ Rh8 30.Te4 Cd7 31.Cf7+ Txf7 32.Dxf7 1-0

[Event "XXII SuperGM"]
[Site "Linares ESP"]
[Date "2005.03.09"]
[Round "13"]
[White "Vallejo Pons, Francisco"]
[Black "Topalov, Veselin"]
[Result "0-1"]
[WhiteElo "2686"]
[BlackElo "2757"]
[EventDate "2005.02.23"]

1.Cf3 Cf6 2.c4 e6 3.Cc3 d5 4.d4 Fe7 5.Fg5 h6 6.Fxf6 Fxf6 7.Dc2 dxc4 8.e3 
c5 9.dxc5 Da5 10.Fxc4 Dxc5 11.Ce4 Da5+ 12.Re2 Fe7 13.Dc3 Dxc3 14.Cxc3 a6 
15.Thd1 Cd7 16.Ce4 b5 17.Fb3 Fb7 18.Cd6+ Fxd6 19.Txd6 Re7 20.Tad1 Thd8 21.
T6d4 Tac8 22.Ce1 a5 23.f3 Tc7 24.e4 Tdc8 25.a3 g5 26.Re3 Ce5 27.T4d2 Fa6 
28.Td6 Ta7 29.T6d2 b4 30.axb4 Tb8 31.Ta1 Txb4 32.Ta3 a4 33.Fa2 Fc4 34.Fb1 
Ff1 35.Fa2 Tab7 36.Cc2 Txb2 37.Txa4 Tc7 38.Rf2 Fb5 0-1

[Event "XXII SuperGM"]
[Site "Linares ESP"]
[Date "2005.03.10"]
[Round "14"]
[White "Topalov, Veselin"]
[Black "Kasparov, Garry"]
[Result "1-0"]
[WhiteElo "2757"]
[BlackElo "2804"]
[EventDate "2005.02.23"]

1.e4 c5 2.Cf3 Cc6 3.Cc3 e5 4.Fc4 d6 5.d3 Fe7 6.O-O Cf6 7.Ch4 Cd4 8.g3 Fg4 
9.f3 Fe6 10.Fg5 Cg8 11.Fxe7 Cxe7 12.f4 exf4 13.Fxe6 fxe6 14.Txf4 Rd7 15.
Cf3 Tf8 16.Txf8 Dxf8 17.Cxd4 cxd4 18.Ce2 Df6 19.c3 Tf8 20.Cxd4 Cc6 21.Df1 
Dxf1+ 22.Txf1 Txf1+ 23.Rxf1 Cxd4 24.cxd4 d5 25.Rf2 Re7 26.Rf3 Rf6 27.h4 g6
28.b4 b5 29.Rf4 h6 30.Rg4 1-0

[Event "Amber Blindfold"]
[Site "Monaco MNC"]
[Date "2005.03.19"]
[Round "1"]
[White "Vallejo Pons, Francisco"]
[Black "Topalov, Veselin"]
[Result "1-0"]
[WhiteElo "2686"]
[BlackElo "2757"]
[EventDate "2005.03.19"]

1.Cf3 d5 2.d4 Cf6 3.c4 e6 4.Cc3 dxc4 5.e4 Fb4 6.Fg5 c5 7.e5 h6 8.exf6 hxg5
9.fxg7 Tg8 10.a3 Fxc3+ 11.bxc3 Da5 12.dxc5 Cc6 13.Cd2 Dxc5 14.Fxc4 Txg7 
15.O-O Fd7 16.Ce4 De7 17.Te1 Rf8 18.Dh5 Rg8 19.Te3 g4 20.Tg3 b5 21.Fb3 Ca5
22.Fa2 Fc6 23.Txg4 Fxe4 24.Txe4 Dg5 25.Dh3 Td8 26.Tae1 Tg6 27.Fb1 Dd2 28.
Rf1 Tf6 29.Dg3+ Rf8 30.Th4 Re7 31.Dc7+ Td7 32.Dc5+ Dd6 33.Dxb5 Cc6 34.Fe4 
Ce5 35.Db4 a5 36.Dxd6+ Txd6 37.Fc2 Cd7 38.Tc4 Cb6 39.Tc7+ Rf8 40.Td1 Cd5 
41.Tc8+ Rg7 42.Td3 Th6 43.c4 Ce7 44.Tc7 Txd3 45.Fxd3 Rf6 46.h3 Th8 47.Tc5 
a4 48.Re2 e5 49.Fc2 Tb8 50.Tb5 Tc8 51.Tb6+ Rg5 52.Fxa4 Txc4 53.Fb3 Te4+ 
54.Rf1 f5 55.g3 1-0

[Event "Amber Blindfold"]
[Site "Monaco MNC"]
[Date "2005.03.20"]
[Round "2"]
[White "Topalov, Veselin"]
[Black "Anand, Viswanathan"]
[Result "0-1"]
[WhiteElo "2757"]
[BlackElo "2786"]
[EventDate "2005.03.19"]

1.d4 Cf6 2.c4 e6 3.Cc3 Fb4 4.Dc2 d5 5.cxd5 Dxd5 6.Cf3 Df5 7.Dxf5 exf5 8.a3
Fe7 9.Ff4 c6 10.e3 Cbd7 11.Fc4 Cb6 12.Fa2 Cfd5 13.Cxd5 Cxd5 14.Fxd5 cxd5 
15.Tc1 f6 16.Rd2 Fd7 17.Tc7 g5 18.Fg3 Fc6 19.Tc1 Rd8 20.T1xc6 bxc6 21.Txc6
Rd7 22.Ta6 Thc8 23.Ce1 Tc6 24.Ta5 Fd8 25.Txd5+ Re6 26.Tb5 Tb6 27.Txb6+ 
Fxb6 28.Cc2 Tg8 29.f3 f4 30.Ff2 g4 31.exf4 gxf3 32.g3 Rf5 33.Rd3 Rg4 34.
Ce3+ Rh3 35.Re4 Td8 36.d5 Fxe3 37.Fxe3 Rg2 38.Fxa7 Ta8 39.Fd4 h5 40.d6 f2 
41.Fxf2 Rxf2 42.b4 Rg2 43.b5 Rxh2 44.b6 Rxg3 45.b7 Th8 0-1

[Event "Amber Blindfold"]
[Site "Monaco MNC"]
[Date "2005.03.21"]
[Round "3"]
[White "Kramnik, Vladimir"]
[Black "Topalov, Veselin"]
[Result "1-0"]
[WhiteElo "2754"]
[BlackElo "2757"]
[EventDate "2005.03.19"]

1.e4 e5 2.Cf3 Cc6 3.Fb5 a6 4.Fa4 Cf6 5.O-O Fe7 6.Te1 b5 7.Fb3 O-O 8.h3 Fb7
9.d3 d6 10.a3 Cb8 11.Cbd2 Cbd7 12.Cf1 Te8 13.Ce3 Cc5 14.Fa2 h6 15.Ch2 Fc8 
16.b4 Ce6 17.Cf5 Ff8 18.Cg4 c6 19.Fd2 Rh7 20.Df3 Cxg4 21.hxg4 Df6 22.Dh3 
Cf4 23.Dh2 g6 24.Ce3 Fe6 25.Fb1 d5 26.g3 dxe4 27.dxe4 Tad8 28.Fc3 Dg5 29.
f3 Fd6 30.Rh1 c5 31.gxf4 exf4 32.Cf5 Ff8 33.Tg1 Tc8 34.Fd2 Df6 35.c3 gxf5 
36.gxf5 Fc4 37.Fxf4 Dxc3 38.Dg3 Dg7 39.Dxg7+ Fxg7 40.f6 Ff8 41.e5+ Rh8 42.
Ff5 Fe6 43.Fxe6 Txe6 44.Tg4 cxb4 45.axb4 Tc4 46.Td1 Te8 47.Td7 h5 48.Tg5 
Txf4 49.Txh5+ Rg8 50.Td1 Tg4 51.fxg4 1-0

[Event "Amber Rapid"]
[Site "Monaco MNC"]
[Date "2005.03.19"]
[Round "1"]
[White "Topalov, Veselin"]
[Black "Vallejo Pons, Francisco"]
[Result "1/2-1/2"]
[WhiteElo "2757"]
[BlackElo "2686"]
[EventDate "2005.03.19"]

1.Cf3 d5 2.d4 Cf6 3.c4 c6 4.e3 Ff5 5.Cc3 e6 6.Ch4 Fg6 7.Cxg6 hxg6 8.Fd2 
Cbd7 9.g3 Fe7 10.Tc1 a6 11.Fg2 Cb6 12.b3 dxc4 13.Ce2 cxb3 14.Dxb3 a5 15.
Cf4 Fb4 16.Fxb4 axb4 17.Dxb4 Txa2 18.O-O Ta4 19.Db3 Ta7 20.Ta1 Txa1 21.
Txa1 O-O 22.Tb1 Cfd7 23.Cd3 Dc7 24.h4 Tb8 25.Db4 Cd5 26.Fxd5 cxd5 1/2-1/2

[Event "Amber Rapid"]
[Site "Monaco MNC"]
[Date "2005.03.20"]
[Round "2"]
[White "Anand, Viswanathan"]
[Black "Topalov, Veselin"]
[Result "1-0"]
[WhiteElo "2786"]
[BlackElo "2757"]
[EventDate "2005.03.19"]

1.e4 e5 2.Cf3 Cc6 3.Fb5 Cf6 4.O-O Cxe4 5.d4 Cd6 6.Fxc6 dxc6 7.dxe5 Cf5 8.
Dxd8+ Rxd8 9.Cc3 h6 10.h3 Fd7 11.Ff4 Rc8 12.Tad1 b6 13.Td3 Fe6 14.Tfd1 Rb7
15.b3 g5 16.Fc1 c5 17.Cd5 Ce7 18.Cxe7 Fxe7 19.c4 Tag8 20.Cd2 g4 21.hxg4 
Txg4 22.Cf1 Thg8 23.Tg3 h5 24.Te1 a6 25.Txg4 hxg4 26.Td1 Rc6 27.Ff4 Td8 
28.Txd8 Fxd8 29.Ce3 b5 30.Rf1 bxc4 31.bxc4 Rb6 32.Re2 Ra5 33.Rd3 c6 34.f3 
gxf3 35.gxf3 Ra4 36.Fh6 Ra3 37.f4 Rxa2 38.Rc2 f5 39.Ff8 Fb6 40.Fe7 a5 41.
Fh4 a4 42.Fe1 Fd8 43.Cd1 Ra3 44.Cb2 Fe7 45.Fc3 Ff8 46.Cd3 1-0

[Event "Amber Rapid"]
[Site "Monaco MNC"]
[Date "2005.03.21"]
[Round "3"]
[White "Topalov, Veselin"]
[Black "Kramnik, Vladimir"]
[Result "1/2-1/2"]
[WhiteElo "2757"]
[BlackElo "2754"]
[EventDate "2005.03.19"]

1.d4 Cf6 2.c4 e6 3.Cc3 Fb4 4.Dc2 O-O 5.a3 Fxc3+ 6.Dxc3 b6 7.Fg5 Fb7 8.e3 
d6 9.f3 Cbd7 10.Fd3 c5 11.Ce2 Tc8 12.b4 h6 13.Fh4 d5 14.bxc5 dxc4 15.Dxc4 
bxc5 16.O-O cxd4 17.Dxd4 Cc5 18.Fc4 Dxd4 19.Cxd4 Cd5 20.Ff2 Cc3 21.Tfc1 
1/2-1/2

[Event "Amber Blindfold"]
[Site "Monaco MNC"]
[Date "2005.03.22"]
[Round "4"]
[White "Topalov, Veselin"]
[Black "Ivanchuk, Vassily"]
[Result "1/2-1/2"]
[WhiteElo "2757"]
[BlackElo "2711"]
[EventDate "2005.03.19"]

1.Cf3 Cf6 2.c4 e6 3.d4 d5 4.Cc3 c6 5.e3 Cbd7 6.Dc2 Fd6 7.Fd3 O-O 8.O-O 
dxc4 9.Fxc4 a6 10.Fd3 e5 11.Fd2 h6 12.Tfe1 Te8 13.h3 De7 14.Ce4 Cxe4 15.
Fxe4 Cf6 16.dxe5 Cxe4 17.Dxe4 Fxe5 18.Cxe5 Dxe5 19.Dxe5 Txe5 20.Fc3 Te8 
21.a4 a5 22.Ted1 Fe6 23.f3 Fb3 24.Td7 b5 25.axb5 cxb5 26.Tb7 Fc4 27.Txa5 
Txa5 28.Fxa5 1/2-1/2

[Event "Amber Blindfold"]
[Site "Monaco MNC"]
[Date "2005.03.24"]
[Round "5"]
[White "Shirov, Alexei"]
[Black "Topalov, Veselin"]
[Result "1/2-1/2"]
[WhiteElo "2713"]
[BlackElo "2757"]
[EventDate "2005.03.19"]

1.e4 e5 2.Cf3 Cc6 3.Fb5 Cf6 4.O-O Cxe4 5.d4 Cd6 6.Fxc6 dxc6 7.dxe5 Cf5 8.
Dxd8+ Rxd8 9.Cc3 h6 10.b3 Fe6 11.Ce2 Fd5 12.Cfd4 Cxd4 13.Cxd4 Fc5 14.Cf5 
Tg8 15.Fe3 Fxe3 16.Cxe3 Re7 17.Tad1 Tad8 18.Td4 Fe6 19.Tfd1 Txd4 20.Txd4 
g5 21.f3 a5 22.Rf2 b6 23.g3 f6 24.exf6+ Rxf6 25.h4 c5 26.Te4 Td8 27.Re2 
Td4 28.hxg5+ hxg5 29.a4 Td8 30.f4 gxf4 31.Txf4+ Rg5 32.Te4 Rf6 33.Tf4+ 
1/2-1/2

[Event "Amber Blindfold"]
[Site "Monaco MNC"]
[Date "2005.03.25"]
[Round "6"]
[White "Topalov, Veselin"]
[Black "Leko, Peter"]
[Result "1-0"]
[WhiteElo "2757"]
[BlackElo "2749"]
[EventDate "2005.03.19"]

1.d4 Cf6 2.c4 e6 3.Cf3 b6 4.g3 Fa6 5.b3 Fb4+ 6.Fd2 Fe7 7.Cc3 c6 8.e4 d5 9.
Dc2 dxe4 10.Cxe4 Fb7 11.Fg2 c5 12.Ceg5 Cc6 13.dxc5 bxc5 14.Fc3 Cd4 15.Fxd4
cxd4 16.O-O O-O 17.Ce5 Fxg2 18.Rxg2 Fd6 19.Cg4 g6 20.Ch6+ Rg7 21.Chxf7 De7
22.Cxd6 Dxd6 23.Tae1 e5 24.Dd3 a5 25.f4 Cg4 26.De4 Dd7 27.fxe5 Ce3+ 28.Rg1
Cxf1 29.e6 Da7 30.e7 d3+ 31.Rh1 Df2 32.exf8=D+ Txf8 33.De7+ Rh6 34.Dxh7+ 
Rxg5 35.Dh4+ Rf5 36.g4+ 1-0

[Event "Amber Blindfold"]
[Site "Monaco MNC"]
[Date "2005.03.26"]
[Round "7"]
[White "Morozevich, Alexander"]
[Black "Topalov, Veselin"]
[Result "0-1"]
[WhiteElo "2741"]
[BlackElo "2757"]
[EventDate "2005.03.19"]

1.e4 e5 2.Cf3 Cf6 3.Cxe5 d6 4.Cc4 Cxe4 5.Cc3 Cxc3 6.bxc3 Cd7 7.d4 d5 8.Ce3
Cf6 9.Fd3 c5 10.Fb5+ Fd7 11.De2 Fxb5 12.Dxb5+ Dd7 13.a4 a6 14.Dxd7+ Rxd7 
15.Tb1 b5 16.axb5 axb5 17.Txb5 Rc6 18.Tb1 c4 19.f3 g6 20.Fd2 Fd6 21.Rf2 
Ta2 22.Ta1 Tha8 23.Txa2 Txa2 24.g4 Ff4 25.Re2 Fd6 26.h3 Ce8 27.h4 Cg7 28.
h5 gxh5 29.Cf5 Cxf5 30.gxf5 Txc2 31.Rd1 Ta2 32.Txh5 Ta1+ 33.Re2 Ta2 34.Re3
Rd7 35.Txh7 Re7 36.Fe1 Tc2 37.f4 Tc1 38.Th1 Rd7 39.Tf1 Ta1 40.Re2 Fc7 41.
Tf3 Ta2+ 42.Fd2 Re7 43.Re3 Rf6 44.Th3 Rxf5 45.Th5+ Re6 46.f5+ Rf6 47.Fe1 
Th2 48.Fh4+ Rg7 49.Rf3 f6 50.Rg4 Tg2+ 51.Rf3 Th2 52.Rg4 Te2 53.Rf3 Tc2 54.
Fe1 Fa5 55.Th4 Fxc3 56.Tg4+ Rf7 57.Ff2 Td2 58.Th4 Td3+ 59.Re2 Re7 60.Tg4 
Rd6 61.Fe3 Fb2 62.Th4 Rc6 63.Tg4 Rb5 64.Th4 Ra4 65.Tg4 Rb3 66.Th4 Rc2 67.
Tg4 Rb3 68.Th4 Rc3 69.Tg4 Rc2 70.Th4 Fc3 71.Tg4 Fd2 72.Ff2 c3 73.Tg6 Fg5 
74.Txg5 fxg5 75.f6 Th3 76.Fe3 g4 77.f7 Tf3 0-1